<?xml version="1.0" encoding="UTF-8"?>
<record
    xmlns:xsi="http://www.w3.org/2001/XMLSchema-instance"
    xsi:schemaLocation="http://www.loc.gov/MARC21/slim http://www.loc.gov/standards/marcxml/schema/MARC21slim.xsd"
    xmlns="http://www.loc.gov/MARC21/slim">

  <leader>05220njm a2200517Ia 4500</leader>
  <controlfield tag="001">97981</controlfield>
  <controlfield tag="003">IT-RoPAU</controlfield>
  <controlfield tag="005">20220918181115.0</controlfield>
  <controlfield tag="008">131025s9999    xx            000 0 und d</controlfield>
  <datafield tag="040" ind1=" " ind2=" ">
    <subfield code="a">IT-RoPAU</subfield>
  </datafield>
  <datafield tag="040" ind1=" " ind2=" ">
    <subfield code="c">IT-RoPAU</subfield>
  </datafield>
  <datafield tag="999" ind1=" " ind2=" ">
    <subfield code="c">99313</subfield>
    <subfield code="d">99313</subfield>
  </datafield>
  <datafield tag="999" ind1=" " ind2=" ">
    <subfield code="b">n.d.</subfield>
  </datafield>
  <datafield tag="100" ind1=" " ind2=" ">
    <subfield code="a">AA.VV.</subfield>
    <subfield code="9">794</subfield>
  </datafield>
  <datafield tag="100" ind1=" " ind2=" ">
    <subfield code="e">Autore musica</subfield>
    <subfield code="9">27733</subfield>
  </datafield>
  <datafield tag="100" ind1=" " ind2=" ">
    <subfield code="g">Codice autore musica SPICS: 12000</subfield>
    <subfield code="9">796</subfield>
  </datafield>
  <datafield tag="245" ind1=" " ind2=" ">
    <subfield code="a">Don Byas</subfield>
  </datafield>
  <datafield tag="250" ind1=" " ind2=" ">
    <subfield code="a">2a ed.</subfield>
  </datafield>
  <datafield tag="260" ind1=" " ind2=" ">
    <subfield code="a">MILANO</subfield>
  </datafield>
  <datafield tag="260" ind1=" " ind2=" ">
    <subfield code="b">RUSCONI</subfield>
    <subfield code="c">1991 [1a Ed.:0]</subfield>
  </datafield>
  <datafield tag="300" ind1=" " ind2=" ">
    <subfield code="a">COMPACT DISC</subfield>
  </datafield>
  <datafield tag="300" ind1=" " ind2=" ">
    <subfield code="c">71 minuti (Testo: 0 pag.)</subfield>
  </datafield>
  <datafield tag="500" ind1=" " ind2=" ">
    <subfield code="a">Musica jazz. Cd fuori commercio allegato al n. 8-9 1991 della rivista "Musica jazz". Brani di autori vari.</subfield>
  </datafield>
  <datafield tag="505" ind1=" " ind2=" ">
    <subfield code="a">South [(New York, 11 novembre 1940) (3:00)] - Stardust [(New York, maggio 1941) (7:00)] - Broadway [(New York, 7 ottobre 1941) (4:00)] - Royal Garden Blues [(Los Angeles, 24 luglio 1942) (4:00)] - These Foolish Things [(New York, 29 settembre 1944) (3:00)] - Rosetta [(New York, 7 dicembre 1944) (6:00)] - Seventh Avenue [(New York, 4 gennaio 1945) (3:00)] - Something For You [(New York, 9 gennaio 1945) (3:00)] - Be Bop [(New York, 9 gennaio 1945) (4:00)] - Pennies From Heaven [(New York, 23 gennaio 1945) (4:00)] - Indiana [(New York, 9 giugno 1945) (6:00)] - Harvard/Blues [(New York, 30 agosto 1945) (4:00)] - Super Session [(New York, 12 settembre 1945) (3:00)] - Humoresque [(New York, 1 novembre 1945) (3:00)] - For European Only [(Copenaghen, 15 settembre 1946) (4:00)] - Laura [(Parigi, 27 gennaio 1947) (4:00)] - St. Germain Des Pres [(Parigi, 14 aprile 1950) (4:00)] - How High the Moon [(Amburgo, 10 giugno 1950) (7:00)] - N.M.E. (4:00)</subfield>
  </datafield>
  <datafield tag="511" ind1=" " ind2=" ">
    <subfield code="a">Page Oran: tr; Barefiels Eddie: cl, alto; Stovall Don: alto; Byas Don: ten; Johnson Pete: p; Collins John: chit; Bolar Abe: cb; Godley A.G.: batt; Hot Lips Page and His Band</subfield>
  </datafield>
  <datafield tag="511" ind1=" " ind2=" ">
    <subfield code="a">Gillespie Dizzy: tr; Byas Don: ten; Fenton Nick: cb; Clarke Kenny oppure West Doc: batt; Jam Session</subfield>
  </datafield>
  <datafield tag="511" ind1=" " ind2=" ">
    <subfield code="a">Lewis Ed: tr; Clayton Buck: tr; Edison Harry: tr; Killian Al: tr; Wells Dicky: trne; Scott Buster: trne; Robinson Eli: trne; Warren Earle: alto; Smith Tab: alto; Byas Don: ten; Tate Buddy: ten; Washington Jack: bar; Basie Count: p; Green Freddie: chit; Page Walter: cb; Jones Jo: batt; Count Basie and His Orchestra</subfield>
  </datafield>
  <datafield tag="511" ind1=" " ind2=" ">
    <subfield code="a">Clayton Buch: tr; Byas Don: ten; Basie Count: p; Green Freddie:  chit; Page Walter: cb; Jones Jo: batt; Count Basie and His All-American Rhythm Section</subfield>
  </datafield>
  <datafield tag="511" ind1=" " ind2=" ">
    <subfield code="a">Page Hot Lips: tr; Bostic Earl: alto; Hammond Butch: alto; Byas Don: ten; Hart Clyde: p; Lucas Al: cb; Parker Jack: batt; Don Byas With Hot Lips Page Orchestra</subfield>
  </datafield>
  <datafield tag="511" ind1=" " ind2=" ">
    <subfield code="a">Shavers Charlie: tr; Young Trummy: trne; Caceres Ernie: cl; Byas Don: ten; Clifton Bill: p; Ellis Herb: chit; Haggart Bob: cb; Powell Specs: batt; V-Disc All Stars</subfield>
  </datafield>
  <datafield tag="511" ind1=" " ind2=" ">
    <subfield code="a">Gillespie Dizzy: tr; Young Trummy: trne, voc; Parker Charlie: alto; Byas Don: ten; Hart Clyde: p; Bryan Mike: chit; Hall Al: cb; Powell Specs: batt; Trummy Young's All Stars</subfield>
  </datafield>
  <datafield tag="511" ind1=" " ind2=" ">
    <subfield code="a">Gillespie Dizzy: tr; Coleman Bill: tr; Harris Benny: tr; Young Trummy: trne; Dickenson Vic: trne; Bothwell Johnny: alto; Byas Don: ten; Chaloff Serge: bar; Hart Clyde: p; Casey Al: chit; Pettiford Oscar: cb; Manne Shelly: batt; Oscar Pettiford and His 18 All Stars</subfield>
  </datafield>
  <datafield tag="511" ind1=" " ind2=" ">
    <subfield code="a">Gillespie Dizzy: tr; Byas Don: ten; Hart Clyde: p; Pettiford Oscar: cb; Manne Shelly: batt; Dizzy Gillespie Quintet</subfield>
  </datafield>
  <datafield tag="511" ind1=" " ind2=" ">
    <subfield code="a">Thomas Joe: tr; Byas Don: ten; Guarnieri Johnny: p; Taylor Billy: cb; Cole Cozy: batt; Don Byas and His Orchestra</subfield>
  </datafield>
  <datafield tag="511" ind1=" " ind2=" ">
    <subfield code="a">Byas Don: ten; Garner Erroll: p; Stewart Slam: cb</subfield>
  </datafield>
  <datafield tag="511" ind1=" " ind2=" ">
    <subfield code="a">Byas Don: ten; Garner Erroll: p; Stewart Slam: cb; West Doc: batt; Don Byas Quartet</subfield>
  </datafield>
  <datafield tag="511" ind1=" " ind2=" ">
    <subfield code="a">Byas Don: ten; Garnieri Johnny: p; Hall Al: cb; Catlett Sidney: batt; Don Byas Quartet</subfield>
  </datafield>
  <datafield tag="511" ind1=" " ind2=" ">
    <subfield code="a">Byas Don: ten; Garner Erroll: p; Stewart Slam: cb; West Doc: batt; Slam Stewart Quartet</subfield>
  </datafield>
  <datafield tag="511" ind1=" " ind2=" ">
    <subfield code="a">Williams Bob: tr; Jeffries Alan: tr; Holland Peanuts: tr; Jackson Quentin: trne; Glenn Tyree: trne; Carman Jackie: trne; Redman Don: alto; Haughton Chauncey: alto; Clark Pete: alto; Byas Don: ten; Abrams Ray: ten; Taylor Billy: p; Sturgis Ted: cb; Oliver Buford: batt; Don Redman and His Orchestra</subfield>
  </datafield>
  <datafield tag="511" ind1=" " ind2=" ">
    <subfield code="a">Holland Peanuts: tr; Byas Don: ten; Taylor Billy: p; Tilch&#xE8; Jean Jacques: chit; Bouchety Jean: cb; Oliver Buford: batt; Don Byas Re-Boppers</subfield>
  </datafield>
  <datafield tag="511" ind1=" " ind2=" ">
    <subfield code="a">Baker Harold: tr; Jackson Quentin: trne; Hodges Johnny: alto; Byas Don: ten; Fol Raymond: p; Marshall Wendell: cb; Greer Sonny: batt; Johnny Hodges and His Orchestra</subfield>
  </datafield>
  <datafield tag="511" ind1=" " ind2=" ">
    <subfield code="a">Baker Harold: tr; Killian Al: tr; Williams Nelson: tr; Royal Ernie: tr; Nance Ray: tr; Brown Lawrence: trne; Jackson Quentin: trne; Kelly Theodore: trne; Hodges Johnny: alto; Procope Russell: alto, cl; Byas Don: ten; Hamilton Jimmy: cl, ten; Carney Harry: bar, cl; Ellington Duke: p; Marshall Wendell: cb; Greer Sonny: batt; Ballard Butch: batt; Duke Ellington and His Orchestra</subfield>
  </datafield>
  <datafield tag="511" ind1=" " ind2=" ">
    <subfield code="a">Byas Don: ten; Williams Mary Lou: p; Pochonet Gerard: cb; Banks Buddy: batt</subfield>
  </datafield>
  <datafield tag="650" ind1=" " ind2=" ">
    <subfield code="a">JAZZ [COMPACT DISC]</subfield>
    <subfield code="e">Codice MATERIA SPICS: 9949</subfield>
    <subfield code="9">11822</subfield>
  </datafield>
  <datafield tag="700" ind1=" " ind2=" ">
    <subfield code="a">Byas Don</subfield>
    <subfield code="g">Codice interprete SPICS: 16429</subfield>
    <subfield code="e">Interprete</subfield>
    <subfield code="9">27734</subfield>
  </datafield>
  <datafield tag="942" ind1=" " ind2=" ">
    <subfield code="c">CD</subfield>
    <subfield code="2">ddc</subfield>
  </datafield>
  <datafield tag="952" ind1=" " ind2=" ">
    <subfield code="0">0</subfield>
    <subfield code="1">0</subfield>
    <subfield code="4">0</subfield>
    <subfield code="6">97981_000000000000000</subfield>
    <subfield code="7">1</subfield>
    <subfield code="a">SPICS</subfield>
    <subfield code="b">SPICS</subfield>
    <subfield code="d">2013-10-25</subfield>
    <subfield code="l">0</subfield>
    <subfield code="o">97981</subfield>
    <subfield code="r">2013-10-25 00:00:00</subfield>
    <subfield code="w">2013-10-25</subfield>
    <subfield code="y">CD</subfield>
    <subfield code="z">Progr. Ins.: 22315 / N.Vol.: 1 / Copie: 1 - Copia rara: n.d. / date import: 01.01.2014 - By Epidotti, Trombetti, Vaglietti</subfield>
  </datafield>
</record>
